000
00264nam a2200097Ia 4500
008
210430s9999 xx 000 0 und d
082
_a
543 S6287 P
100
_a
Douglas A Skoog
245
_a
Principles of Instrumental Analysis
_c
Douglas A Skoog
942
_c
BK
_2
ddc
999
_c
565968
_d
565968